000 00546nam a2200193Ia 4500
005 20260114185718.0
008 008 260114s9999 xx 000 0 eng d
020 _a9781474210010
037 _aEBOOK
040 _aCRL
_beng
_cCRL
041 _aeng
_2eng
084 _qCRL
100 _aPanikos Panayi
_9873469
245 0 _aGermans in Britain Since 1500
260 _bBloomsbury
_c1996
856 _uhttps://doi.org/10.5040/9781474210010?locatt=label:secondary_bloomsburyCollections
942 _cEBOOK
999 _c1472417
_d1472417